Statistics for All Districts of Slovakia on the Map

Click here to take the quiz!

General Stats

  • This quiz has been taken 713 times
  • The average score is 59 of 79

Answers on the Map

Answers color-coded by a green-red scale on the quiz's map according to % correct below.
 

Answer Stats

KrajOkres% Correct
BratislavaBratislava I
100%
BratislavaBratislava II
100%
BratislavaBratislava III
100%
BratislavaBratislava IV
100%
BratislavaBratislava V
100%
KošiceKošice I
98%
KošiceKošice II
98%
KošiceKošice III
98%
KošiceKošice IV
98%
KošiceKošice – okolie
98%
TrnavaTrnava
94%
NitraNitra
93%
PrešovPrešov
93%
ŽilinaŽilina
93%
TrenčínTrenčín
92%
Banská BystricaBanská Bystrica
91%
PrešovPoprad
89%
NitraKomárno
84%
KošiceMichalovce
81%
ŽilinaLiptovský Mikuláš
80%
ŽilinaMartin
80%
BratislavaMalacky
79%
NitraNové Zámky
79%
Banská BystricaZvolen
79%
Banská BystricaBanská Štiavnica
77%
TrnavaDunajská Streda
77%
PrešovHumenné
77%
TrenčínNové Mesto nad Váhom
77%
ŽilinaRužomberok
77%
BratislavaSenec
77%
NitraLevice
76%
KošiceSpišská Nová Ves
76%
PrešovBardejov
75%
ŽilinaČadca
75%
TrnavaSenica
75%
PrešovKežmarok
73%
BratislavaPezinok
73%
Banská BystricaRimavská Sobota
73%
KošiceRožňava
73%
KošiceTrebišov
73%
TrenčínMyjava
72%
PrešovSnina
72%
Banská BystricaBrezno
71%
Banská BystricaLucenec
71%
TrenčínPrievidza
71%
TrnavaSkalica
71%
ŽilinaDolný Kubín
70%
TrnavaGalanta
70%
PrešovLevoca
70%
TrnavaPiešťany
70%
TrenčínPovažská Bystrica
70%
PrešovSabinov
70%
PrešovStará Ľubovňa
70%
ŽilinaNámestovo
68%
NitraŠaľa
68%
NitraTopolcany
67%
TrenčínIlava
66%
Banská BystricaRevúca
66%
Banská BystricaŽiar nad Hronom
66%
PrešovMedzilaborce
65%
TrenčínPúchov
65%
PrešovSvidník
65%
ŽilinaBytca
64%
TrenčínPartizánske
64%
ŽilinaKysucké Nové Mesto
63%
PrešovVranov nad Toplou
63%
PrešovStropkov
62%
Banská BystricaVeľký Krtíš
62%
TrnavaHlohovec
61%
Banská BystricaPoltár
61%
KošiceSobrance
61%
NitraZlaté Moravce
61%
KošiceGelnica
60%
Banská BystricaDetva
59%
Banská BystricaKrupina
59%
ŽilinaTvrdošín
59%
Banská BystricaŽarnovica
58%
TrenčínBánovce nad Bebravou
57%
ŽilinaTurcianske Teplice
56%

Score Distribution

Percentile by Number Answered

Percent of People with Each Score

Your Score History

You have not taken this quiz